000 00711nam a2200241Ia 4500
003 OSt
005 20220925191124.0
006 a|||||r|||| 00| 0
007 ta
008 220923b |||||||| |||| 00| 0 eng d
037 _cGeneral Book
040 _aRTL
_cRTL
_beng
041 _2eng
_aeng
082 _aX9(J781).2r, F7 (GD)
110 _aIndian Central Cotton Committee, Bombay
_9240721
245 0 _aAnnual report
260 _aBombay
_bClaridge and Company India
_c1927
300 _a116p.
_ccm.
650 _aCotton Industry
_9229873
700 _aIndian Central Cotton Committee, Bombay
_9240722
942 _hX9(J781).2r, F7 (GD)
_cGB
_2CC
999 _c517281
_d517281